[Event "Gibtelecom 2009 Masters"]
[Site "Gibraltar ENG"]
[Date "2009.02.04"]
[Round "9.85"]
[White "Escandell Atienza, Santiago"]
[Black "Matto, Manuel"]
[Result "1/2-1/2"]
[WhiteElo "1485"]
[BlackElo "1855"]
[PlyCount "120"]
[EventDate "2009.01.27"]
[EventType "swiss"]
[EventRounds "9"]
[EventCountry "ENG"]
[Source "lmi"]
[SourceDate "2009.01.27"]

1. e4 e5 2. Nf3 Nc6 3. Bb5 d6 4. d4 a6 5. Bxc6+ bxc6 6. dxe5 Bg4 7. exd6 Bxd6
8. O-O Ne7 9. Re1 Ng6 10. Nbd2 O-O 11. c3 Ne5 12. h3 Bh5 13. g4 Bg6 14. Nxe5
Bxe5 15. Nc4 Qxd1 16. Rxd1 Bd6 17. e5 Bc5 18. Be3 Bxe3 19. Nxe3 f5 20. Rd7 f4
21. Nf5 Bxf5 22. gxf5 Rxf5 23. e6 Re8 24. Re1 Rf6 25. e7 Kf7 26. Rxc7 g5 27.
Ra7 h5 28. Kg2 f3+ 29. Kg3 Kg6 30. Rd7 h4+ 31. Kh2 Kf7 32. Re5 Rg6 33. Ra7 Kf6
34. Re3 Rg7 35. Rxa6 Rgxe7 36. Rxc6+ Kg7 37. Rxf3 Re1 38. Rf5 Rb1 39. Rxg5+ Kf7
40. Rh5 Rxb2 41. Rxh4 Rxf2+ 42. Kg3 Rxa2 43. Rf4+ Kg7 44. h4 Ree2 45. Kg4 Rg2+
46. Kf3 Rgf2+ 47. Ke4 Ra4+ 48. c4 Re2+ 49. Kf5 Ra7 50. h5 Rf7+ 51. Kg4 Rg2+ 52.
Kf3 Rf2+ 53. Kxf2 Rxf4+ 54. Kg3 Re4 55. c5 Kh7 56. Rd6 Re5 57. c6 Rxh5 58. Kg4
Rc5 59. Kf4 Kg7 60. Rd7+ Kf6 1/2-1/2

[Event "Gibtelecom 2009 Masters"]
[Site "Gibraltar ENG"]
[Date "2009.02.05"]
[Round "10.15"]
[White "Lopez Martinez, Josep Manu"]
[Black "Cmilyte, Viktorija"]
[Result "1/2-1/2"]
[WhiteElo "2540"]
[BlackElo "2497"]
[PlyCount "58"]
[EventDate "2009.01.27"]
[EventType "swiss"]
[EventRounds "9"]
[EventCountry "ENG"]
[Source "lmi"]
[SourceDate "2009.01.27"]

1. e4 c5 2. Nf3 Nc6 3. d4 cxd4 4. Nxd4 Nf6 5. Nc3 e5 6. Ndb5 d6 7. Bg5 a6 8.
Na3 b5 9. Nd5 Be7 10. Bxf6 Bxf6 11. c3 Bg5 12. Nc2 Rb8 13. a4 bxa4 14. Ncb4
Nxb4 15. Nxb4 Bd7 16. Bxa6 Qa5 17. Qxd6 Rb6 18. Qd3 Be7 19. Nd5 Rxb2 20. O-O
Qc5 21. Rab1 Rxb1 22. Rxb1 O-O 23. Bb5 Bxb5 24. Rxb5 Qa7 25. Nxe7+ Qxe7 26. Ra5
Rd8 27. Qe2 Qa3 28. g3 Qxc3 29. Rxa4 h6 1/2-1/2

[Event "Gibtelecom 2009 Masters"]
[Site "Gibraltar ENG"]
[Date "2009.02.05"]
[Round "10.17"]
[White "Devereaux, Maxim L"]
[Black "Berkes, Ferenc"]
[Result "0-1"]
[WhiteElo "2437"]
[BlackElo "2651"]
[PlyCount "50"]
[EventDate "2009.01.27"]
[EventType "swiss"]
[EventRounds "9"]
[EventCountry "ENG"]
[Source "lmi"]
[SourceDate "2009.01.27"]

1. d4 Nf6 2. Nf3 d5 3. c4 dxc4 4. g3 Nc6 5. Bg2 e5 6. Qa4 exd4 7. Ne5 Qd6 8.
Nxc6 Bd7 9. Qxc4 Bxc6 10. Bxc6+ Qxc6 11. Qxc6+ bxc6 12. O-O O-O-O 13. Rd1 Ng4
14. h3 Ne5 15. Bf4 Ng6 16. Bc1 h5 17. h4 Bb4 18. Bd2 Bc5 19. Rc1 Rd5 20. b4 Bd6
21. Na3 Re8 22. Kf1 Rf5 23. f4 Nxf4 24. gxf4 Bxf4 25. Ke1 d3 0-1

[Event "Gibtelecom 2009 Masters"]
[Site "Gibraltar ENG"]
[Date "2009.02.05"]
[Round "10.18"]
[White "Hommeles, Theo"]
[Black "Kotronias, Vasilios"]
[Result "1/2-1/2"]
[WhiteElo "2410"]
[BlackElo "2603"]
[PlyCount "120"]
[EventDate "2009.01.27"]
[EventType "swiss"]
[EventRounds "9"]
[EventCountry "ENG"]
[Source "lmi"]
[SourceDate "2009.01.27"]

1. e4 c5 2. Nf3 Nc6 3. d4 cxd4 4. Nxd4 Nf6 5. Nc3 e5 6. Ndb5 d6 7. Bg5 a6 8.
Na3 b5 9. Bxf6 gxf6 10. Nd5 f5 11. g3 fxe4 12. Bg2 Be6 13. Bxe4 Bg7 14. Qd3 Rc8
15. c3 Ne7 16. Nxe7 Kxe7 17. Rd1 Rc5 18. Nc2 d5 19. Bf5 e4 20. Qe3 Qc8 21. Bxe6
fxe6 22. O-O Rf8 23. f3 exf3 24. Rxf3 Rxf3 25. Qxf3 Kd6 26. Ne3 Kc6 27. a4 Kb6
28. Qg4 Bf8 29. axb5 axb5 30. Qd4 Kb7 31. Ra1 Qc6 32. Qh8 Qd6 33. Qxh7+ Rc7 34.
Qd3 Qb6 35. Kg2 Qc6 36. Kf2 Bc5 37. Ke2 Bb6 38. Rf1 b4 39. Nd1 e5 40. Rf5 d4
41. Rxe5 Qg2+ 42. Ke1 dxc3 43. bxc3 Qxh2 44. Qf3+ Ka7 45. Re8 Qg1+ 46. Ke2 Qh2+
47. Nf2 Qxf2+ 48. Qxf2 Bxf2 49. Kxf2 b3 50. Re3 Ka6 51. c4 Rb7 52. Re1 b2 53.
Rb1 Rb3 54. Kg2 Ka5 55. Kh3 Kb4 56. Kg4 Kc3 57. Kf5 Kc2 58. Rxb2+ Rxb2 59. g4
Kd3 60. g5 Kxc4 1/2-1/2

[Event "Gibtelecom 2009 Masters"]
[Site "Gibraltar ENG"]
[Date "2009.02.05"]
[Round "10.19"]
[White "Calzetta Ruiz, Monica"]
[Black "Pavlovic, Milos"]
[Result "0-1"]
[WhiteElo "2371"]
[BlackElo "2520"]
[PlyCount "86"]
[EventDate "2009.01.27"]
[EventType "swiss"]
[EventRounds "9"]
[EventCountry "ENG"]
[Source "lmi"]
[SourceDate "2009.01.27"]

1. e4 e5 2. Nf3 Nc6 3. Bb5 a6 4. Ba4 Nf6 5. Qe2 b5 6. Bb3 Be7 7. O-O d6 8. c3
O-O 9. Rd1 Na5 10. Bc2 c5 11. d4 Qc7 12. h3 Bd7 13. d5 Rfe8 14. b3 g6 15. Nh2
Nh5 16. Qf3 Qd8 17. Ng4 Bg5 18. Nh6+ Bxh6 19. Bxh6 Qh4 20. Bd2 Rf8 21. Bh6 Rfc8
22. Bd2 Nb7 23. c4 b4 24. Be3 Nf4 25. Kh2 f6 26. Qg3 Qxg3+ 27. fxg3 Ne2 28. Bh6
Nd4 29. Bd3 a5 30. Nd2 a4 31. Rf1 axb3 32. axb3 f5 33. Be3 Kg7 34. Bxd4 cxd4
35. Rxa8 Rxa8 36. exf5 gxf5 37. Bxf5 Bxf5 38. Rxf5 Nc5 39. h4 d3 40. Rg5+ Kh8
41. Rg4 Ra2 42. Nf3 d2 43. Ng5 Ra7 0-1

[Event "Gibtelecom 2009 Masters"]
[Site "Gibraltar ENG"]
[Date "2009.02.05"]
[Round "10.20"]
[White "Maryasin, Boris"]
[Black "Carlsson, Pontus"]
[Result "1-0"]
[WhiteElo "2340"]
[BlackElo "2509"]
[PlyCount "53"]
[EventDate "2009.01.27"]
[EventType "swiss"]
[EventRounds "9"]
[EventCountry "ENG"]
[Source "lmi"]
[SourceDate "2009.01.27"]

1. e4 c5 2. Nf3 d6 3. b4 cxb4 4. d4 e6 5. Bd3 d5 6. e5 Nc6 7. O-O Nge7 8. a3
Nf5 9. axb4 Nxb4 10. Bxf5 exf5 11. Ba3 Be7 12. c4 a5 13. Nc3 Be6 14. c5 O-O 15.
Bxb4 axb4 16. Na4 Qe8 17. Nb6 Rxa1 18. Qxa1 Qb5 19. Rb1 Bd8 20. Qa4 Qxa4 21.
Nxa4 Ba5 22. Nb2 f4 23. Ra1 b6 24. Nd2 b3 25. Nxb3 Bc3 26. cxb6 Bxb2 27. Ra2
1-0

[Event "Gibtelecom 2009 Masters"]
[Site "Gibraltar ENG"]
[Date "2009.02.05"]
[Round "10.21"]
[White "Hauchard, Arnaud"]
[Black "Karim, Ismael"]
[Result "1/2-1/2"]
[WhiteElo "2497"]
[BlackElo "2407"]
[PlyCount "57"]
[EventDate "2009.01.27"]
[EventType "swiss"]
[EventRounds "9"]
[EventCountry "ENG"]
[Source "lmi"]
[SourceDate "2009.01.27"]

1. Nf3 Nf6 2. c4 c6 3. Nc3 d5 4. d4 e6 5. Bg5 dxc4 6. e4 b5 7. e5 h6 8. Bh4 g5
9. Nxg5 hxg5 10. Bxg5 Nbd7 11. exf6 Bb7 12. g3 c5 13. d5 Qb6 14. Bg2 O-O-O 15.
O-O b4 16. Na4 Qa6 17. a3 Bxd5 18. Bxd5 Ne5 19. Nxc5 Bxc5 20. axb4 Bxf2+ 21.
Rxf2 Rxd5 22. Qf1 Qc6 23. Bf4 Ng4 24. Rc2 Qb6+ 25. Kh1 Qc6 26. Kg1 Qb6+ 27. Kh1
Qc6 28. Kg1 Qb6+ 29. Kh1 1/2-1/2

[Event "Gibtelecom 2009 Masters"]
[Site "Gibraltar ENG"]
[Date "2009.02.05"]
[Round "10.22"]
[White "Al Sayed, Mohamad N"]
[Black "Welling, Gerard"]
[Result "1-0"]
[WhiteElo "2488"]
[BlackElo "2371"]
[PlyCount "27"]
[EventDate "2009.01.27"]
[EventType "swiss"]
[EventRounds "9"]
[EventCountry "ENG"]
[Source "lmi"]
[SourceDate "2009.01.27"]

1. e4 d6 2. d4 Nf6 3. Nc3 c6 4. f4 Qa5 5. e5 Ne4 6. Qf3 d5 7. Bd3 Na6 8. Nge2
Nb4 9. f5 Nxd3+ 10. cxd3 Nxc3 11. bxc3 g6 12. e6 fxe6 13. fxg6 hxg6 14. O-O 1-0

[Event "Gibtelecom 2009 Masters"]
[Site "Gibraltar ENG"]
[Date "2009.02.05"]
[Round "10.27"]
[White "D'Costa, Lorin A R"]
[Black "Forsaa, Espen"]
[Result "1-0"]
[WhiteElo "2445"]
[BlackElo "2322"]
[PlyCount "79"]
[EventDate "2009.01.27"]
[EventType "swiss"]
[EventRounds "9"]
[EventCountry "ENG"]
[Source "lmi"]
[SourceDate "2009.01.27"]

1. e4 c5 2. Nf3 d6 3. d4 cxd4 4. Nxd4 Nf6 5. Nc3 a6 6. a4 e6 7. Be2 Qc7 8. O-O
b6 9. f4 Nbd7 10. Bf3 Bb7 11. Qe2 e5 12. Nb3 exf4 13. Bxf4 Ne5 14. Rad1 Be7 15.
Nd4 O-O 16. Nf5 Rfe8 17. Nxe7+ Qxe7 18. Qf2 Qc7 19. Rd4 Re6 20. Rfd1 Qc5 21.
Be2 Bc6 22. h3 Ng6 23. Bxd6 Qg5 24. Bc4 Ree8 25. Bb3 b5 26. a5 h5 27. Qf5 Qe3+
28. Kh2 Nh4 29. Qf1 Ng6 30. R1d3 Qg5 31. Rg3 Qh6 32. Qf5 Nh4 33. Qc5 Bxe4 34.
Qc7 Nf5 35. Bf4 Qh7 36. Nxe4 Rxe4 37. Bxf7+ Kh8 38. Rd8+ Rxd8 39. Qxd8+ Ng8 40.
Bg6 1-0

[Event "Gibtelecom 2009 Masters"]
[Site "Gibraltar ENG"]
[Date "2009.02.05"]
[Round "10.29"]
[White "Ripari, Marcelo"]
[Black "Sandipan, Chanda"]
[Result "0-1"]
[WhiteElo "2313"]
[BlackElo "2568"]
[PlyCount "98"]
[EventDate "2009.01.27"]
[EventType "swiss"]
[EventRounds "9"]
[EventCountry "ENG"]
[Source "lmi"]
[SourceDate "2009.01.27"]

1. e4 c5 2. Nf3 e6 3. d4 cxd4 4. Nxd4 Nf6 5. Nc3 d6 6. Be2 Be7 7. O-O a6 8. f4
Nc6 9. Kh1 Qc7 10. Nxc6 bxc6 11. Qd3 O-O 12. b3 Bb7 13. Bb2 c5 14. Rae1 Nd7 15.
Qh3 Bf6 16. Bd3 Bd4 17. e5 g6 18. exd6 Qxd6 19. Be4 Qc7 20. Bxb7 Qxb7 21. Qf3
Qxf3 22. Rxf3 Nb6 23. Rd3 a5 24. a4 Rfc8 25. Ba3 Bxc3 26. Rxc3 c4 27. Rb1 cxb3
28. Rxc8+ Rxc8 29. Rxb3 Nxa4 30. Rb5 Nc3 31. Rxa5 Nd5 32. Bc5 Nxf4 33. g3 Nd5
34. Kg2 Nf6 35. Bd4 Ne8 36. Bc5 f5 37. Kf3 Nf6 38. Bd4 Nd5 39. Ra7 Rxc2 40.
Rg7+ Kf8 41. Rxh7 g5 42. h3 Rd2 43. Bc5+ Kg8 44. Rh5 Rd3+ 45. Kg2 Nf6 46. Rxg5+
Kf7 47. g4 Ne4 48. Rh5 Nxc5 49. gxf5 e5 0-1

[Event "Gibtelecom 2009 Masters"]
[Site "Gibraltar ENG"]
[Date "2009.02.05"]
[Round "10.33"]
[White "Csonka, Attila Istvan"]
[Black "Houska, Jovanka"]
[Result "1/2-1/2"]
[WhiteElo "2289"]
[BlackElo "2392"]
[PlyCount "74"]
[EventDate "2009.01.27"]
[EventType "swiss"]
[EventRounds "9"]
[EventCountry "ENG"]
[Source "lmi"]
[SourceDate "2009.01.27"]

1. e4 c6 2. d4 d5 3. Nc3 dxe4 4. Nxe4 Bf5 5. Ng3 Bg6 6. h4 h6 7. Nf3 Nd7 8. h5
Bh7 9. Bd3 Bxd3 10. Qxd3 e6 11. Bd2 Ngf6 12. O-O-O Be7 13. Qe2 O-O 14. Nf1 Nb6
15. Kb1 Na4 16. Qd3 c5 17. Qb5 Qe8 18. Qxe8 Rfxe8 19. Ng3 cxd4 20. Nxd4 Red8
21. Nb3 Bd6 22. Ne2 Be5 23. c3 Nb6 24. f3 Nc4 25. g4 Rd3 26. f4 Bc7 27. g5
Nxd2+ 28. Rxd2 Rxd2 29. Nxd2 Rd8 30. Nf3 hxg5 31. fxg5 Rd3 32. Ned4 Ng4 33. Kc2
Re3 34. g6 e5 35. gxf7+ Kxf7 36. Ng5+ Kf6 37. Nh7+ Kf7 1/2-1/2

[Event "Gibtelecom 2009 Masters"]
[Site "Gibraltar ENG"]
[Date "2009.02.05"]
[Round "10.34"]
[White "Natalicchio Escalante, Nic"]
[Black "Perez Ponsa, Federico"]
[Result "0-1"]
[WhiteElo "2238"]
[BlackElo "2390"]
[PlyCount "66"]
[EventDate "2009.01.27"]
[EventType "swiss"]
[EventRounds "9"]
[EventCountry "ENG"]
[Source "lmi"]
[SourceDate "2009.01.27"]

1. d4 Nf6 2. c4 c5 3. d5 e6 4. Nc3 exd5 5. cxd5 d6 6. e4 g6 7. f4 Bg7 8. Bb5+
Nfd7 9. Be2 Qh4+ 10. g3 Qe7 11. Nf3 O-O 12. O-O a6 13. a4 Nf6 14. Qc2 Bg4 15.
Bd2 Nbd7 16. Kg2 Rfe8 17. Bd3 c4 18. Bxc4 Nxe4 19. Nxe4 Qxe4 20. Qxe4 Rxe4 21.
Bd3 Ree8 22. Bb4 Nf6 23. Bxd6 Nxd5 24. Rfe1 Red8 25. Ba3 Nxf4+ 26. gxf4 Rxd3
27. Ne5 Rd2+ 28. Kg3 Be6 29. Rad1 Rad8 30. Rxd2 Rxd2 31. Rc1 g5 32. Nf3 gxf4+
33. Kxf4 Bh6+ 0-1

[Event "Gibtelecom 2009 Masters"]
[Site "Gibraltar ENG"]
[Date "2009.02.05"]
[Round "10.35"]
[White "Dittmar, Peter"]
[Black "De Groote, Ewoud"]
[Result "0-1"]
[WhiteElo "2382"]
[BlackElo "2203"]
[PlyCount "94"]
[EventDate "2009.01.27"]
[EventType "swiss"]
[EventRounds "9"]
[EventCountry "ENG"]
[Source "lmi"]
[SourceDate "2009.01.27"]

1. b3 e5 2. Bb2 Nc6 3. c4 Nf6 4. e3 d5 5. cxd5 Nxd5 6. a3 Bd6 7. d3 O-O 8. Nf3
Qe7 9. Nbd2 Kh8 10. Be2 f5 11. Nc4 b5 12. Nxd6 cxd6 13. Rc1 Bb7 14. O-O Nd8 15.
Re1 Ne6 16. Bf1 Rf6 17. e4 fxe4 18. dxe4 Ndf4 19. Nh4 Raf8 20. g3 Ng5 21. f3
Ng6 22. Nxg6+ hxg6 23. f4 exf4 24. Bxf6 Qxf6 25. Bg2 f3 26. Rf1 Bxe4 27. h4 Qb2
28. Rf2 Qxf2+ 29. Kxf2 fxg2+ 30. Ke3 Rf3+ 31. Ke2 Bd3+ 32. Qxd3 Rxd3 33. Kxd3
Nf3 34. Ke4 g1=Q 35. Rxg1 Nxg1 36. Kd5 Ne2 37. g4 Nc3+ 38. Kxd6 Nb1 39. a4 bxa4
40. bxa4 a5 41. Kc5 Nc3 42. Kb6 Nxa4+ 43. Kxa5 Nc5 44. Kb4 Nd3+ 45. Kc3 Ne5 46.
g5 Nf3 47. Kd3 Nxh4 0-1

[Event "Gibtelecom 2009 Masters"]
[Site "Gibraltar ENG"]
[Date "2009.02.05"]
[Round "10.36"]
[White "Leniart, Arkadiusz"]
[Black "Arnott, Jonathan W"]
[Result "1-0"]
[WhiteElo "2360"]
[BlackElo "2117"]
[PlyCount "47"]
[EventDate "2009.01.27"]
[EventType "swiss"]
[EventRounds "9"]
[EventCountry "ENG"]
[Source "lmi"]
[SourceDate "2009.01.27"]

1. d4 e6 2. c4 b6 3. e4 Bb7 4. Nc3 Bb4 5. Qc2 Qh4 6. d5 Nf6 7. Bd3 exd5 8. Nf3
Qg4 9. exd5 Bxc3+ 10. bxc3 O-O 11. O-O c6 12. Bg5 cxd5 13. Bxf6 gxf6 14. Bxh7+
Kh8 15. Rad1 Nc6 16. cxd5 Ne5 17. Nxe5 fxe5 18. Bf5 Qg5 19. Qe4 Qf4 20. Qxf4
exf4 21. Bxd7 Rad8 22. Bc6 Ba6 23. Rfe1 f5 24. Rd4 1-0

[Event "Gibtelecom 2009 Masters"]
[Site "Gibraltar ENG"]
[Date "2009.02.05"]
[Round "10.39"]
[White "Bravetti, Antonio"]
[Black "Miedema, Roi"]
[Result "1-0"]
[WhiteElo "2205"]
[BlackElo "2325"]
[PlyCount "127"]
[EventDate "2009.01.27"]
[EventType "swiss"]
[EventRounds "9"]
[EventCountry "ENG"]
[Source "lmi"]
[SourceDate "2009.01.27"]

1. d4 e6 2. c4 Nf6 3. g3 d5 4. Bg2 dxc4 5. Nf3 Nc6 6. Qa4 Bb4+ 7. Bd2 Nd5 8.
Bxb4 Ndxb4 9. Ne5 O-O 10. Nxc6 Nxc6 11. Bxc6 Qxd4 12. Nc3 bxc6 13. O-O Qc5 14.
Rac1 Rb8 15. Ne4 Qh5 16. Rc2 Rb6 17. Rd1 Ba6 18. Rcd2 h6 19. Qa3 Re8 20. Rd8 f5
21. Qe7 Rb8 22. Nc5 Kh7 23. Rxe8 Rxe8 24. Qxc7 Qxe2 25. Rd7 Rg8 26. Nxa6 c3 27.
bxc3 Qxa6 28. Qxa7 Qc4 29. a4 Qxc3 30. a5 Qe1+ 31. Kg2 Qe4+ 32. Kg1 f4 33. gxf4
Qxf4 34. a6 Qg5+ 35. Kf1 Rf8 36. Qd4 Qb5+ 37. Kg2 Qg5+ 38. Kf1 Rf5 39. Qd3 Qc1+
40. Kg2 Qb2 41. Qd4 Rg5+ 42. Kf3 Qa3+ 43. Qd3+ Rf5+ 44. Kg3 Qa2 45. f3 Qa1 46.
Kg2 Qb2+ 47. Kg3 Qc1 48. Kg2 Qg5+ 49. Kf2 Qh5 50. Kg2 Qg6+ 51. Kf2 Ra5 52.
Rxg7+ Kxg7 53. Qc3+ e5 54. Qxa5 Qc2+ 55. Ke3 Qb3+ 56. Ke4 Qc2+ 57. Ke3 Qb3+ 58.
Ke4 Qc2+ 59. Kxe5 Qxh2+ 60. f4 Qh5+ 61. f5 Qe8+ 62. Kd6 Kf6 63. Kc7 Qe7+ 64.
Kc8 1-0

[Event "Gibtelecom 2009 Masters"]
[Site "Gibraltar ENG"]
[Date "2009.02.05"]
[Round "10.40"]
[White "Van den Bersselaar, Jeroen"]
[Black "Armbrust, Florian"]
[Result "1/2-1/2"]
[WhiteElo "2191"]
[BlackElo "2321"]
[PlyCount "94"]
[EventDate "2009.01.27"]
[EventType "swiss"]
[EventRounds "9"]
[EventCountry "ENG"]
[Source "lmi"]
[SourceDate "2009.01.27"]

1. d4 Nf6 2. c4 c5 3. d5 e5 4. Nc3 d6 5. e4 Be7 6. g3 Nbd7 7. Bg2 a6 8. a4 O-O
9. Nge2 Nh5 10. g4 Nhf6 11. Ng3 Ne8 12. Nf5 Bg5 13. h4 Bxc1 14. Qxc1 g6 15.
Nh6+ Kh8 16. h5 g5 17. Nf5 Ndf6 18. Qxg5 Rg8 19. Nh6 Rxg5 20. Nxf7+ Kg8 21.
Nxd8 Bxg4 22. Nxb7 Bc8 23. Nxc5 dxc5 24. Bf3 Nd6 25. b3 Rb8 26. Rb1 h6 27. Ke2
Kf7 28. a5 Bd7 29. Kd3 Nb7 30. Na4 Bxa4 31. bxa4 Nd7 32. Rhg1 Rxg1 33. Rxg1
Nxa5 34. Bg4 Nf8 35. f4 Rb3+ 36. Kc2 Re3 37. fxe5 Rxe4 38. e6+ Ke8 39. Bf3
Rxc4+ 40. Kd3 Rd4+ 41. Ke2 Nc4 42. Rb1 Rd2+ 43. Ke1 Rb2 44. Rc1 Nd2 45. Be2 Nb3
46. Rc3 a5 47. Bd1 Nd2 1/2-1/2

[Event "Gibtelecom 2009 Masters"]
[Site "Gibraltar ENG"]
[Date "2009.02.05"]
[Round "10.41"]
[White "Trent, Lawrence"]
[Black "Urbina Perez, Juan Antonio"]
[Result "1/2-1/2"]
[WhiteElo "2487"]
[BlackElo "2215"]
[PlyCount "61"]
[EventDate "2009.01.27"]
[EventType "swiss"]
[EventRounds "9"]
[EventCountry "ENG"]
[Source "lmi"]
[SourceDate "2009.01.27"]

1. e4 c5 2. Nc3 a6 3. Nf3 d6 4. d4 cxd4 5. Nxd4 Nf6 6. Bc4 e6 7. Bb3 Nbd7 8.
Bg5 Qa5 9. Qd2 Be7 10. O-O Nc5 11. Rae1 Qc7 12. f4 h6 13. Bh4 Nfxe4 14. Nxe4
Nxb3 15. axb3 Bxh4 16. Nf5 Bxe1 17. Rxe1 Qb6+ 18. Kh1 d5 19. Ned6+ Kf8 20. Qc3
d4 21. Nxc8 dxc3 22. Nxb6 Rd8 23. Ne3 cxb2 24. Nbc4 Rd4 25. f5 exf5 26. Nxf5
Re4 27. Rb1 g6 28. Ng3 Rd4 29. Ne2 Re4 30. Nc3 Re6 31. Nxb2 1/2-1/2

[Event "Gibtelecom 2009 Masters"]
[Site "Gibraltar ENG"]
[Date "2009.02.05"]
[Round "10.42"]
[White "Heinis, Vincent"]
[Black "Solomon, Kenny"]
[Result "1/2-1/2"]
[WhiteElo "2170"]
[BlackElo "2348"]
[PlyCount "80"]
[EventDate "2009.01.27"]
[EventType "swiss"]
[EventRounds "9"]
[EventCountry "ENG"]
[Source "lmi"]
[SourceDate "2009.01.27"]

1. e4 c5 2. Nf3 Nc6 3. d4 cxd4 4. Nxd4 Nf6 5. Nc3 e5 6. Ndb5 d6 7. Bg5 a6 8.
Na3 b5 9. Bxf6 gxf6 10. Nd5 f5 11. c3 Bg7 12. Bd3 Be6 13. Qh5 O-O 14. Ne3 f4
15. Nf5 Bxf5 16. Qxf5 b4 17. cxb4 Nd4 18. Qh5 Qb6 19. O-O Qxb4 20. Nc2 Nxc2 21.
Bxc2 Qxb2 22. Bb3 Rac8 23. Rad1 Rc6 24. Qf5 Qc3 25. Bd5 Rc7 26. Bb3 Qb4 27. Rd3
Rc3 28. Rxc3 Qxc3 29. Rd1 Kh8 30. Qd7 f5 31. exf5 e4 32. Qxd6 e3 33. Qe6 exf2+
34. Kxf2 Bd4+ 35. Ke2 Be3 36. Rd7 Qb2+ 37. Kd1 Qc1+ 38. Ke2 Qb2+ 39. Kd1 Qb1+
40. Ke2 Qb2+ 1/2-1/2

[Event "Gibtelecom 2009 Masters"]
[Site "Gibraltar ENG"]
[Date "2009.02.05"]
[Round "10.43"]
[White "Klinova, Masha"]
[Black "Kvisla, Johannes Luangtep"]
[Result "1/2-1/2"]
[WhiteElo "2328"]
[BlackElo "2208"]
[PlyCount "69"]
[EventDate "2009.01.27"]
[EventType "swiss"]
[EventRounds "9"]
[EventCountry "ENG"]
[Source "lmi"]
[SourceDate "2009.01.27"]

1. e4 e5 2. Nf3 Nc6 3. Bc4 Nf6 4. d3 Be7 5. Bb3 O-O 6. c3 d5 7. Nbd2 Re8 8. O-O
Bf8 9. Re1 h6 10. h3 dxe4 11. dxe4 a6 12. Qe2 Be6 13. Nf1 Bxb3 14. axb3 g6 15.
N3h2 Qc8 16. Qf3 Qe6 17. Ne3 Rad8 18. b4 h5 19. Nef1 Bg7 20. Bg5 Rd7 21. Qe2
Nh7 22. Be3 Nf6 23. Nd2 Red8 24. Nhf3 Nh7 25. b5 axb5 26. Qxb5 b6 27. Qc4 Qxc4
28. Nxc4 f6 29. b4 Nf8 30. b5 Ne7 31. Nb2 Ne6 32. Kf1 Nc8 33. c4 Bf8 34. Ke2
Kf7 35. Red1 1/2-1/2

[Event "Gibtelecom 2009 Masters"]
[Site "Gibraltar ENG"]
[Date "2009.02.05"]
[Round "10.44"]
[White "Ashton, Adam G"]
[Black "Hagesaether, Arne"]
[Result "1-0"]
[WhiteElo "2321"]
[BlackElo "2184"]
[PlyCount "81"]
[EventDate "2009.01.27"]
[EventType "swiss"]
[EventRounds "9"]
[EventCountry "ENG"]
[Source "lmi"]
[SourceDate "2009.01.27"]

1. e4 c6 2. d4 d5 3. exd5 cxd5 4. c4 Nf6 5. Nc3 Nc6 6. Bg5 e6 7. Nf3 Be7 8. c5
O-O 9. Bb5 Ne4 10. Bxe7 Nxe7 11. Rc1 Qa5 12. Bd3 b6 13. O-O f5 14. c6 Nxc6 15.
a3 Bd7 16. Nb5 Rad8 17. b4 Qa6 18. Ne1 Qb7 19. f3 Nf6 20. Be2 Ne8 21. Rf2 a6
22. Nc3 b5 23. Bf1 Qa7 24. Rd2 Nxd4 25. Kh1 Nc6 26. Nd3 Ne7 27. Nc5 Rf6 28. a4
Nd6 29. axb5 axb5 30. Ra1 Qc7 31. Rda2 Nc6 32. Nxb5 Nxb5 33. Bxb5 Rh6 34. Qg1
d4 35. Ra8 e5 36. Qc1 Rxa8 37. Rxa8+ Kf7 38. Qc4+ Be6 39. Nxe6 Rxe6 40. Ra6 d3
41. Rxc6 1-0

[Event "Gibtelecom 2009 Masters"]
[Site "Gibraltar ENG"]
[Date "2009.02.05"]
[Round "10.45"]
[White "Rasch, Holger"]
[Black "Salem, Ihab"]
[Result "1/2-1/2"]
[WhiteElo "2301"]
[BlackElo "2171"]
[PlyCount "35"]
[EventDate "2009.01.27"]
[EventType "swiss"]
[EventRounds "9"]
[EventCountry "ENG"]
[Source "lmi"]
[SourceDate "2009.01.27"]

1. e4 c5 2. c3 d5 3. exd5 Qxd5 4. d4 Nf6 5. Nf3 e6 6. Be3 cxd4 7. Nxd4 Nc6 8.
Nd2 Be7 9. N2f3 O-O 10. h3 Rd8 11. Qb3 Nxd4 12. Nxd4 e5 13. Nb5 Qe4 14. Qc4 Qc2
15. Qe2 Qa4 16. Qc4 Qc2 17. Qe2 Qa4 18. Qc4 1/2-1/2

[Event "Gibtelecom 2009 Masters"]
[Site "Gibraltar ENG"]
[Date "2009.02.05"]
[Round "10.46"]
[White "Jessel, Stephen"]
[Black "Tate, Alan"]
[Result "1/2-1/2"]
[WhiteElo "2296"]
[BlackElo "2170"]
[PlyCount "48"]
[EventDate "2009.01.27"]
[EventType "swiss"]
[EventRounds "9"]
[EventCountry "ENG"]
[Source "lmi"]
[SourceDate "2009.01.27"]

1. Nf3 c5 2. c4 Nc6 3. d4 cxd4 4. Nxd4 Nf6 5. Nc3 e6 6. a3 Bc5 7. Nb3 Be7 8. e4
O-O 9. Be2 b6 10. O-O Bb7 11. Be3 d6 12. f3 Rc8 13. Rc1 Re8 14. Nd4 Ne5 15. b3
Ng6 16. b4 d5 17. cxd5 exd5 18. Nxd5 Nxd5 19. Rxc8 Qxc8 20. exd5 Bxd5 21. Bb5
Rd8 22. Qc1 Ne5 23. Qxc8 Rxc8 24. Rc1 Rxc1+ 1/2-1/2

[Event "Gibtelecom 2009 Masters"]
[Site "Gibraltar ENG"]
[Date "2009.02.05"]
[Round "10.48"]
[White "Collier, David O"]
[Black "Malmdin, Nils Ake"]
[Result "1/2-1/2"]
[WhiteElo "2083"]
[BlackElo "2256"]
[PlyCount "77"]
[EventDate "2009.01.27"]
[EventType "swiss"]
[EventRounds "9"]
[EventCountry "ENG"]
[Source "lmi"]
[SourceDate "2009.01.27"]

1. d4 g6 2. e4 Bg7 3. f3 d6 4. Be3 c6 5. Qd2 Nf6 6. Bd3 a6 7. a4 a5 8. Ne2 Nbd7
9. O-O O-O 10. c4 e5 11. Nbc3 exd4 12. Nxd4 Ne5 13. Be2 Qc7 14. Rac1 Re8 15.
Kh1 b6 16. Rfd1 Ba6 17. b3 Rad8 18. Bg5 Rc8 19. Bf1 Ned7 20. Nde2 Bf8 21. Ng3
Qb8 22. Qf4 Re6 23. Qh4 Ne8 24. Nge2 f6 25. Qh3 Nc5 26. Bf4 Ng7 27. Rb1 Nh5 28.
Be3 Ree8 29. g4 Ng7 30. Ng3 Rc7 31. Qg2 Bc8 32. h4 Rf7 33. Bd3 Nxd3 34. Rxd3
Ne6 35. Rd2 Nc5 36. Bd4 Ne6 37. Be3 Nc5 38. Bd4 Ne6 39. Be3 1/2-1/2

[Event "Gibtelecom 2009 Masters"]
[Site "Gibraltar ENG"]
[Date "2009.02.05"]
[Round "10.51"]
[White "Fairbairn, Stephen"]
[Black "Hartvig, Ove Weiss"]
[Result "0-1"]
[WhiteElo "2068"]
[BlackElo "2237"]
[PlyCount "44"]
[EventDate "2009.01.27"]
[EventType "swiss"]
[EventRounds "9"]
[EventCountry "ENG"]
[Source "lmi"]
[SourceDate "2009.01.27"]

1. c4 f5 2. g3 Nf6 3. Bg2 g6 4. d4 Bg7 5. Nc3 O-O 6. Nh3 Nc6 7. Nf4 d6 8. d5
Ne5 9. Qb3 c6 10. O-O Bd7 11. c5 Kh8 12. cxd6 exd6 13. Qxb7 Qa5 14. Qb3 Rab8
15. Qc2 c5 16. Rd1 Rfe8 17. Rb1 Nc4 18. h4 Ng4 19. e3 Bxc3 20. bxc3 Ba4 21.
Rxb8 Rxb8 22. Qd3 Nge5 0-1

[Event "Gibtelecom 2009 Masters"]
[Site "Gibraltar ENG"]
[Date "2009.02.05"]
[Round "10.52"]
[White "Spence, David J"]
[Black "Aerni, Andi"]
[Result "1-0"]
[WhiteElo "2223"]
[BlackElo "2102"]
[PlyCount "69"]
[EventDate "2009.01.27"]
[EventType "swiss"]
[EventRounds "9"]
[EventCountry "ENG"]
[Source "lmi"]
[SourceDate "2009.01.27"]

1. e4 d5 2. exd5 Qxd5 3. Nc3 Qa5 4. d4 c6 5. Nf3 Nf6 6. Bc4 Bf5 7. Bd2 e6 8.
Nd5 Qd8 9. Nxf6+ Qxf6 10. Qe2 Nd7 11. d5 cxd5 12. Bxd5 Qxb2 13. O-O Be7 14.
Rfe1 O-O 15. Rab1 Qxc2 16. Rxb7 exd5 17. Qxe7 Nf6 18. Be3 Rae8 19. Qa3 Ng4 20.
Rc1 Rxe3 21. Qxf8+ Kxf8 22. Rxc2 Bxc2 23. fxe3 a6 24. Ra7 Bd3 25. h3 Nxe3 26.
Kf2 Nc2 27. Ne5 Be4 28. Rxf7+ Kg8 29. Ra7 d4 30. Rxa6 g6 31. Ra4 Bd5 32. Nf3
Kg7 33. Ke2 Ne3 34. Rxd4 Nxg2 35. Kf2 1-0